000 00405nmm a2200145Ia 4500
008 251105s9999||||xx |||||||||||||||||und||
041 _aspa
100 _aLlongueras, Luis
245 0 _aEl sexo femenino
264 _a[Madrid, España] :
_bEdiciones B,
_c2013
300 _a240 páginas
650 _aGender and Women Studies
856 _uhttps://public.digitaliapublishing.com/a/53936
942 _cCF
999 _c104722
_d104722